000 02534cam a2200361 i 4500
001 a45082264
003 SIRSI
005 20250828090841.0
008 240305t20242024nyu 000 1 eng d
020 _a9781250891976
_q(hardcover)
020 _a9781250891990
_q(trade paperback)
035 _a(OCoLC)1424951825
040 _aIEP
_beng
_erda
_cIEP
_dIEP
_dGZD
_dOCLCO
_dIUK
_dYDX
_dMWD
_dVP@
_dOCLCQ
_dUtOrBLW
041 _aEnglish
043 _an-us-md
049 _aUPMM
050 1 4 _aPS3620.H6477
_bS83 2024
100 _aThompson, Aggie Blum,
_eauthor.
_0http://id.loc.gov/authorities/names/n2021010710
_4http://id.loc.gov/vocabulary/relators/aut
_925824
245 1 0 _aSuch a lovely family
_c/ Aggie Blum Thompson.
250 _aFirst edition.
264 1 _aNew York :
_bForge, Tor Publishing Group,
_c2024.
264 4 _c©2024
300 _a340 pages ;
_c22 cm
520 _aThe cherry blossoms are in full bloom in Washington, D.C., and the Calhouns are in the midst of hosting their annual party to celebrate the best of the spring season. With a house full of friends, neighbors, and their beloved three adult children, the Calhouns are expecting another picture-perfect event. But a brutal murder in the middle of the celebration transforms the yearly gathering into a homicide scene, and all the guests into suspects. Behind their façade of perfection, the Calhoun family has been keeping some very dark secrets. Parents who use money and emotional manipulation to control their children. Two sons, one the black sheep who is desperate to outrun mistakes he’s made, and the other a new father, willing to risk everything to protect his child. And a daughter: an Instagram influencer who refuses to face the truth about the man she married. As the investigation heats up, family tensions build, and alliances shift. Long-buried resentments surface, forcing the Calhouns to face their darkest secrets before it’s too late.
650 0 _aParties
_vFiction.
_0http://id.loc.gov/authorities/subjects/sh2008109510
650 0 _aFamily secrets
_vFiction
_0http://id.loc.gov/authorities/subjects/sh2008103513
_923679
650 0 _aMurder
_vFiction
_0http://id.loc.gov/authorities/subjects/sh2008107179
_925440
650 0 _aHomicide investigation
_vFiction.
651 0 _aWashington (D.C.)
_vFiction.
655 0 _aThrillers (Fiction)
_0http://id.loc.gov/authorities/genreForms/gf2014026571
_922669
655 0 _aDetective and mystery fiction
_0http://id.loc.gov/authorities/genreForms/gf2014026280
_923664
942 _2lcc
999 _c4894
_d4894